out of the World: (Record no. 5744)

MARC details
000 -LEADER
fixed length control field 00570nam a22001937a 4500
003 - CONTROL NUMBER IDENTIFIER
control field OSt
005 - DATE AND TIME OF LATEST TRANSACTION
control field 20170324172922.0
008 - FIXED-LENGTH DATA ELEMENTS--GENERAL INFORMATION
fixed length control field 170324b xxu||||| |||| 00| 0 eng d
020 ## - INTERNATIONAL STANDARD BOOK NUMBER
International Standard Book Number 0387029303
040 ## - CATALOGING SOURCE
Transcribing agency DDC.
082 ## - DEWEY DECIMAL CLASSIFICATION NUMBER
Classification number 539WEB 2004.
100 ## - MAIN ENTRY--PERSONAL NAME
Personal name Webb,Stephen;
9 (RLIN) 11956
245 ## - TITLE STATEMENT
Title out of the World:
Remainder of title Colliding Universes,Branes,strings and Other Wild Ideas of Modern Physics.
260 ## - PUBLICATION, DISTRIBUTION, ETC. (IMPRINT)
Place of publication, distribution, etc. New York:
Name of publisher, distributor, etc. Copernicus Books.
Date of publication, distribution, etc. 2004:
300 ## - PHYSICAL DESCRIPTION
Extent xii,308p;
Other physical details ill:
Dimensions 24cm.
504 ## - BIBLIOGRAPHY, ETC. NOTE
Bibliography, etc includes glossary and index.
650 ## - SUBJECT ADDED ENTRY--TOPICAL TERM
Topical term or geographic name as entry element Physics.
9 (RLIN) 809
942 ## - ADDED ENTRY ELEMENTS (KOHA)
Source of classification or shelving scheme Dewey Decimal Classification
Koha item type Open Shelf
Holdings
Withdrawn status Lost status Source of classification or shelving scheme Damaged status Not for loan Home library Current library Date acquired Source of acquisition Inventory number Total Checkouts Full call number Barcode Date last seen Koha item type
    Dewey Decimal Classification     MUST Main Library MUST Main Library 24/03/2017   11/35357   539WEB 2004. 2017-0578 24/03/2017 Open Shelf
    Dewey Decimal Classification     MUST Main Library MUST Main Library 24/03/2017   11/32892   539WEB 2004. 2017-0579 24/03/2017 Open Shelf